| 000 | 00633nam a2200229Ia 4500 | ||
|---|---|---|---|
| 003 | OSt | ||
| 005 | 20221007065328.0 | ||
| 006 | a|||||r|||| 00| 0 | ||
| 007 | ta | ||
| 008 | 221006b |||||||| |||| 00| 0 eng d | ||
| 024 | _a12,090 | ||
| 037 | _cTextual | ||
| 040 |
_aFLL _cFLL _beng |
||
| 041 |
_2eng _aeng |
||
| 082 | _aV2:21-91:N7, L3 | ||
| 100 |
_aQuraishi Z.M. Au. _9686856 |
||
| 245 | 0 | _aStruggle for rashtrapati bhawan | |
| 260 |
_aDelhi _bVikas publishing house pvt. ltd. India _c1973 |
||
| 300 |
_a190p _ccm. |
||
| 942 |
_hV2:21-91:N7, L3 _cTEXL _2CC |
||
| 999 |
_c1136993 _d1136993 |
||